00315nam a2200121 a 4500001000400000003000500004005001700009008004100026040002000067100002400087245006200111260002000173881CDMR20130116135158.0130130s1975||||||||||||||||||||||||||||d aCDMRbcatcCDMR1 aLópez Doy, Luís13aEl cine en los medios de comunicacióncLuís Lopez Doy aBarcelonac1975